Tout les iPhones dans monde - Statistiques

Statistiques générales
  • Ce quiz a été pris 743 fois
  • Le résultat moyen est 24 sur 33
Statistiques - réponses
Année de sortie iPhone % Correct
24 juin 2010 iPhone 4
97%
19 septembre 2014 iPhone 6
97%
21 septembre 2012 iPhone 5
96%
16 septembre 2016 iPhone 7
95%
3 novembre 2017 iPhone X
95%
22 septembre 2017 iPhone 8
93%
23 octobre 2020 iPhone 12
92%
20 septembre 2019 iPhone 11
91%
24 septembre 2021 iPhone 13
88%
25 septembre 2015 iPhone 6s
80%
20 septembre 2013 iPhone 5s
78%
20 septembre 2019 iPhone 11 Pro
77%
21 septembre 2018 iPhone XS
76%
23 octobre 2020 iPhone 12 Pro
75%
14 octobre 2011 iPhone 4S
75%
24 septembre 2021 iPhone 13 Pro
73%
26 octobre 2018 iPhone XR
72%
20 septembre 2019 iPhone 11 Pro Max
70%
13 novembre 2020 iPhone 12 Pro Max
68%
24 septembre 2021 iPhone 13 Pro Max
67%
16 septembre 2016 iPhone 7 Plus
67%
22 septembre 2017 iPhone 8 Plus
65%
9 juin 2008 iPhone 3G
64%
20 septembre 2013 iPhone 5c
63%
19 septembre 2014 iPhone 6 Plus
62%
13 novembre 2020 iPhone 12 Mini
59%
24 septembre 2021 iPhone 13 Mini
56%
29 juin 2007 iPhone 2G
54%
17 juin 2009 iPhone 3GS
53%
25 septembre 2015 iPhone 6s Plus
49%
21 septembre 2018 iPhone XS Max
49%
24 avril 2020 SE 2de génération
42%
31 mars 2016 SE 1re génération
39%
Aucun quiz correspondant
Distribution des résultats
% des personnes avec chaque résultat
Percentile par nombre de réponses
Votre historique - résultats
Vous n’avez pas pris ce quiz